|
|
|
|
| LEADER |
00000nam a2200000 a 4500 |
| 001 |
UCT3342 |
| 003 |
CL-VaPUC |
| 008 |
961018e19730000SP |||||||||||||||||spa|d |
| 082 |
0 |
4 |
|a 709
|b HUY
|2 21
|
| 100 |
|
|
|a Huyghe, René
|e author
|9 567849
|
| 245 |
1 |
3 |
|a El arte y el hombre
|
| 250 |
|
|
|a 6a. ed
|
| 300 |
|
|
|a 3 v
|
| 942 |
|
|
|c BK
|
| 945 |
|
|
|d 19961018 00:00:00
|a lriquelm
|
| 260 |
|
|
|a Barcelona
|b Planeta
|c 1973
|
| 650 |
|
0 |
|a Artes
|9 268202
|
| 650 |
|
0 |
|a Historia
|9 255047
|
| 650 |
|
0 |
|a Arte cristiano
|9 265204
|
| 650 |
|
0 |
|a Arte oriental
|9 314876
|
| 650 |
|
0 |
|a Edad media
|9 258041
|
| 650 |
|
0 |
|a Arte gótico
|9 265512
|
| 650 |
|
0 |
|a Renacimiento
|9 255107
|
| 650 |
|
7 |
|a POSRENACIMIENTO
|2 CL-VaPUC
|9 372274
|
| 650 |
|
0 |
|a Barroco
|9 338027
|
| 650 |
|
7 |
|a CLASICISMO
|2 CL-VaPUC
|9 268682
|
| 650 |
|
0 |
|a Romanticismo
|9 266698
|
| 650 |
|
0 |
|a Realismo
|9 259117
|
| 650 |
|
7 |
|a IMPRESIONISMO
|2 CL-VaPUC
|9 324638
|
| 650 |
|
0 |
|a Arte moderno
|9 265333
|
| 651 |
|
0 |
|a Italia
|9 254949
|
| 651 |
|
0 |
|a España
|9 254926
|
| 651 |
|
0 |
|a Egipto
|9 268199
|
| 651 |
|
0 |
|a India
|9 267804
|
| 651 |
|
0 |
|a China
|9 257545
|
| 651 |
|
0 |
|a Japón
|9 260391
|
| 651 |
|
7 |
|a ETIOPIA
|2 CL-VaPUC
|9 332658
|
| 651 |
|
0 |
|a Irlanda
|9 324541
|
| 583 |
|
|
|a last modification
|c 20111129 11:57:26
|k Rodrigo Vera
|
| 999 |
|
|
|c 253030
|d 253028
|